LDR 00650naa#a2200169#i#450# 001 EN\\bibl\118217 005 20260702073650.4 011 ## _a2782-4586 100 ## _a20260630b2026####ek#y0engy0150####ca 102 ## _aRU 200 1# _aThe reducing of product life cycle as a result of technological development acceleration _eJournal article 210 1# _aMoscow _cITBO University _d2026 215 ## _a5 с. 608 ## _aJournal article _2local 675 ## _aПолитика в отношении различных форм организаций и сотрудничества в экономике. 334.021 _z 700 #1 _aSelivanova _gMaria Viktorovna 856 4# _ajomeam.ru _u